zpět

Detail výsledku týmu

Jazz Tibet Club, Olomouc

Datum a čas kvízu

22.5 Celkem bodů Celkový počet nahraných bodů na tomto kvízu bez doplňovacích otázek.
9. Pořadí na kvízu Konečné umístění týmu na tomto kvízu.

Zaznamenané odpovědi

# Otázka Odpověď Body Výsledky
1. V pražském Uměleckoprůmyslovém... 0
2. Mimořádně výhodná akce na jede... 1
3. Radní centrálního městského ob... 0
4. Karlovarské minerální vody (KM... 1
5. Po dvaceti letech se v kolonce... 1
6. Rok 1989 si přirozeně spojujem... 0
7. Je samozřejmé, že události v z... 0
8. V tomto roce skončil i komunis... 0
9. Nejen politikou živ je člověk.... 1
10. Lidé narození roku 1989 patří... 0